000
00333nam a2200169Ia 4500
100
_a
Patil/S.P
650
_a
Mechanical systems
250
_a
2
942
_c
BK
366
_f
20
245
_a
Mechanical system design
260
_b
Jaico
_c
2012
082
_a
621.815
_b
PAT
300
_a
391
546
_a
ENGLISH
999
_c
31999
_d
31999